|
|
|
|
| LEADER |
01151nam a22002777a 4500 |
| 001 |
31948 |
| 003 |
BD-DhAAL |
| 008 |
171211t2006 ru a|||| b||| 00| 0 rus d |
| 999 |
|
|
|c 38822
|d 38822
|
| 020 |
|
|
|a 9785710795163
|
| 020 |
|
|
|a 571079516X
|
| 082 |
|
|
|a 491.782421
|2 22
|
| 100 |
|
|
|a Voiteleva, T M
|9 24245
|
| 245 |
|
|
|a Teorii︠a︡ i metodika obuchenii︠a︡ russkomu i︠a︡zyku /
|c T M Voiteleva
|
| 260 |
|
|
|a Moskva :
|b Drofa,
|c 2006
|
| 300 |
|
|
|a 319 pages :
|b illustrations ;
|c 22 cm.
|
| 500 |
|
|
|a "Vysshee pedegogicheskoe obrazovanie"--T.p.
|
| 500 |
|
|
|a "Uchebnoe posobie"-T.p. verso.
|
| 504 |
|
|
|6 Includes bibliographical references and index.
|
| 526 |
|
|
|a AAL
|
| 541 |
|
|
|a Complementary copy
|e 31948
|
| 650 |
|
|
|a Russian language
|x Study and teaching (Higher)
|x Russia (Federation)
|9 24246
|
| 650 |
|
|
|2
|a Language and culture
|x Study and teaching (Higher)
|x Russia (Federation)
|9 24247
|
| 852 |
|
|
|a Ayesha Abed Library
|c General Stacks
|
| 942 |
|
|
|2 ddc
|c BK
|
| 952 |
|
|
|0 0
|1 0
|2 ddc
|4 0
|6 491_782421000000000_VOI
|7 0
|9 62287
|a BRACUL
|b BRACUL
|c GEN
|d 2017-12-11
|e Complementary copy from BIL
|l 0
|o 491.782421 VOI
|p 3010031948
|r 2017-12-11
|t 1
|w 2017-12-11
|y BK
|